01026cam a2200217u 450000100060000000300080000600500170001400800410003103500190007204000330009104100080012405101710013208200250030324502770032826000360060530000470064150400200068865000310070865000310073970000380077012339BD-RjUL20211208235257.0170613s1963 nyua 101 0 eng d a(BD-RjUL)12388 aDLCcCarPdDLCdBD-RjULbeng aeng aQH652.5b.S6 1963acAnother issue. Oxford, New York, Symposium Publications Division, Pergamon Press, [distributed in the Western Hemisphere by Macmillan, New York.] 223a571.45bREP 196310aRepair from genetic radiation damage and differential radiosensitivity in germ cells :bproceedings of an international symposium held at the University of Leiden, the Netherlands, August 15-19, 1962 /cedited by F.H. Sobels ; with an introduction by Alexander Hollaender. aNew York :bMacmillan ,cc1963. ax, 454 p. :billus., group port. ;c23 cm. aIncludes index. 0a RadiobiologyxCongresses. 0aRadiogeneticsxCongresses. aSobels, F. H., [from old catalog]